Normal view MARC view
  • WORLD WAR-1.BARBAROSSA: HITLER'S ATTACK ON RUSSIA.VIETNAM WAR. INDIA PAKISTAN WAR- 1947.1965,1971.DAWN OF BANGLADESH.ISRAEL ARABS WAR

Entry Topical Term

Number of records used in: 1

001 - CONTROL NUMBER

  • control field: 60334

003 - CONTROL NUMBER IDENTIFIER

  • control field: NUST

005 - DATE AND TIME OF LATEST TRANSACTION

  • control field: 20210628202525.0

008 - FIXED-LENGTH DATA ELEMENTS

  • fixed length control field: 210628|| aca||aabn | a|a d

040 ## - CATALOGING SOURCE

  • Original cataloging agency: NUST
  • Transcribing agency: NUST

150 ## - HEADING--TOPICAL TERM

  • Topical term or geographic name entry element: WORLD WAR-1.BARBAROSSA: HITLER'S ATTACK ON RUSSIA.VIETNAM WAR. INDIA PAKISTAN WAR- 1947.1965,1971.DAWN OF BANGLADESH.ISRAEL ARABS WAR

670 ## - SOURCE DATA FOUND

  • Source citation: Work cat.: (NUST): Stoessinger, John G 60333, Why nations go to war, 2003
© 2023 Central Library, National University of Sciences and Technology. All Rights Reserved.